[Event "Ostrava Konik op"]
[Site "Ostrava"]
[Date "2014.04.28"]
[Round "3"]
[White "Sikora, Matous"]
[Black "Balon, Rene"]
[Result "1/2-1/2"]
[WhiteElo "1661"]
[BlackElo "1759"]
[PlyCount "52"]
[EventDate "2014.04.26"]
[EventType "swiss"]
[EventRounds "9"]
[EventCountry "CZE"]
[SourceTitle "CBM 160 Extra"]
[Source "ChessBase"]
[SourceDate "2014.07.01"]
[SourceVersion "1"]
[SourceVersionDate "2014.07.01"]
[SourceQuality "1"]

1. e4 c6 2. d4 d5 3. exd5 cxd5 4. c4 Nf6 5. Nc3 e6 6. Bg5 Be7 7. Nf3 0-0 8. Bd3 Nbd7 9. 0-0 dxc4 10. Bxc4 Nb6 11. Bb3 Nfd5 12. Bxe7 Nxe7 13. Re1 Nbd5 14. Rc1 b6 15. Qe2 Bb7 16. Nxd5 Nxd5 17. Qe5 Rc8 18. a3 Qf6 19. Bxd5 Bxd5 20. Nd2 Qg6 21. Qg3 Qxg3 22. hxg3 Rfd8 23. f3 Bb7 24. Nb3 a5 25. Rxc8 Rxc8 26. Rc1 Rxc1+ 1/2-1/2